|
|
|
|
| LEADER |
00000nam a22000007a 4500 |
| 005 |
20130308122323.0 |
| 007 |
cr|||| |||| |
| 008 |
130308e2012 ck |||||s|||| 00||0 spa d |
| 020 |
|
|
|a 978-958-648-792-4
|
| 035 |
|
|
|a 7656
|
| 040 |
|
|
|a vLex
|
| 090 |
|
|
|c 3874
|d 3874
|
| 100 |
1 |
0 |
|a Toro Lp̤ez, Francisco J.
|
| 245 |
1 |
0 |
|a Gestin̤ de proyectos con enfoque PMI
|b Project y Excel
|c / Francisco J. Toro Lp̤ez
|h [Recurso electrn̤ico]
|
| 250 |
|
|
|a 2a ed.
|
| 256 |
|
|
|a Servicio en ln̕ea
|
| 260 |
|
|
|a Bogot ̀:
|b ECOE,
|c 2012
|
| 506 |
|
|
|d vLex Global
|d vLex Global (Academic Edition, excluding Law Schools)
|d vLex Global (U.S. Academic Edition, Law Schools)
|d vLex Global (U.S. Academic Edition, excluding Law Schools)
|d vLex Global (Academic Edition, Law Schools)
|
| 650 |
0 |
4 |
|a Administracin̤ (Management)
|
| 650 |
0 |
4 |
|a Gestin̤ de proyectos
|
| 650 |
0 |
4 |
|a Informt̀ica
|
| 740 |
|
|
|a vLex Libros (Servicio en ln̕ea)
|
| 856 |
|
|
|a Acceso en ln̕ea
|u http://www.vlex.com/source/7656
|
| 942 |
|
|
|c BOOK
|
| 999 |
|
0 |
|a Management
|